000 00212nam a22000857a 4500
001 1242207
005 20251014115325.0
245 _aFRANZ FUTBOL HİKAYESİ
_cCHRİSTİNE NÖSTLİNGER
260 _bGÜNIŞIĞI YAYINLARI
999 _c1242207
_d1242207